El Divorcio y las nuevas dimensiones de la paternidad y desafíos? /

保存先:
書誌詳細
第一著者: Vega Robles, Isabel
団体著者: Universidad de Costa Rica. IIP
その他の著者: comp
フォーマット: 不明
出版事項: San José: SIEDIN
主題:
タグ: タグ追加
タグなし, このレコードへの初めてのタグを付けませんか!

MARC

LEADER 00000 a2200000 04500
001 30186
003
008 991231s d
040
020 |a 9968-9471-0-5  
022 |a 9968-9471-0-5  
090 |a 194505  
100 |a Vega Robles, Isabel  
110 |a Universidad de Costa Rica. IIP  
245 |a El Divorcio y las nuevas dimensiones de la paternidad y desafíos? /  |c Isabel Vega Robles 
260 |a San José:   |b SIEDIN  
300 |a 149 p.  
650 |a PATERNIDAD  
650 |a POLITICA FAMILIAR  
650 |a LEGISLACION  
650 |a DERECHOS DEL NIÑO  
700 |a comp  
999 |c 13540  |d 13540